[Event "Piguee op 15th"]
[Site "Piguee"]
[Date "2020.08.18"]
[Round "5.1"]
[White "Dellapittima, Cesar"]
[Black "Bernardini, Marcelo"]
[Result "0-1"]
[WhiteElo "1760"]
[BlackElo "1860"]
[PlyCount "50"]
[EventDate "2020.07.21"]
[EventType "tourn"]
[EventRounds "7"]
[EventCountry "ARG"]
[SourceTitle "EXT 2024"]
[Source "ChessBase"]
[SourceDate "2023.10.10"]
[SourceVersion "1"]
[SourceVersionDate "2023.10.10"]
[SourceQuality "1"]

1. e4 e5 2. Nf3 Nc6 3. Bc4 Bc5 4. 0-0 Nf6 5. d4 exd4 6. e5 d5 7. exf6 dxc4 8. Re1+ Kf8 9. Bg5 gxf6 10. Bh6+ Kg8 11. Nc3 Bf8 12. Bxf8 Kxf8 13. Qd2 dxc3 14. Qh6+ Kg8 15. Rad1 Qf8 16. Qxf6 Be6 17. Ng5 Qg7 18. Rxe6 Qxf6 19. Rxf6 cxb2 20. Rb1 Re8 21. c3 Re2 22. Kf1 Rc2 23. Nf3 Rc1+ 24. Ke2 Rxb1 25. Nd2 Rc1 0-1

[Event "Piguee op 15th"]
[Site "Piguee"]
[Date "2020.07.28"]
[Round "2.4"]
[White "Dellapittima, Cesar"]
[Black "Favre, German"]
[Result "1-0"]
[WhiteElo "1760"]
[BlackElo "1600"]
[PlyCount "116"]
[EventDate "2020.07.21"]
[EventType "tourn"]
[EventRounds "7"]
[EventCountry "ARG"]
[SourceTitle "EXT 2024"]
[Source "ChessBase"]
[SourceDate "2023.10.10"]
[SourceVersion "1"]
[SourceVersionDate "2023.10.10"]
[SourceQuality "1"]

1. e4 d6 2. d4 g6 3. Be3 Bg7 4. Qd2 Nf6 5. f3 Nfd7 6. Bc4 c5 7. Ne2 Nb6 8. Bb5+ Bd7 9. Bxd7+ N8xd7 10. b3 Rc8 11. c4 Nb8 12. Nbc3 a6 13. Rd1 Qd7 14. 0-0 f5 15. dxc5 dxc5 16. Qc2 Qe6 17. Nd5 0-0 18. Nef4 Qd6 19. exf5 Rxf5 20. Nxb6 Qxb6 21. Rd5 Rxd5 22. Nxd5 Qd8 23. Qe4 Bf6 24. Rd1 Qf8 25. Nxf6+ Qxf6 26. Qxb7 Qe6 27. Qd5 Kf7 28. Qxe6+ Kxe6 29. Rd5 Nd7 30. Kf2 Ne5 31. Ke2 Nd7 32. h4 Rc6 33. h5 Nf6 34. Rxc5 Rxc5 35. Bxc5 Nxh5 36. Ke3 Ng7 37. Kd3 Nh5 38. Be3 Nf6 39. a4 Nd7 40. f4 Nb8 41. b4 Kd7 42. b5 axb5 43. axb5 Kc7 44. Ke4 Nd7 45. Bd4 h6 46. c5 e6 47. c6 Nf8 48. Be5+ Kb6 49. Bd6 Nh7 50. Ke5 g5 51. Kxe6 gxf4 52. Kd7 Nf6+ 53. Kd8 Nd5 54. c7 Nxc7 55. Bxc7+ Kxb5 56. Bxf4 h5 57. g3 Kc5 58. Ke7 Kd5 1-0

[Event "Piguee op 15th"]
[Site "Piguee"]
[Date "2020.07.21"]
[Round "1.4"]
[White "Maguna, Marcos"]
[Black "Dellapittima, Cesar"]
[Result "0-1"]
[WhiteElo "1557"]
[BlackElo "1760"]
[PlyCount "71"]
[EventDate "2020.07.21"]
[EventType "tourn"]
[EventRounds "7"]
[EventCountry "ARG"]
[SourceTitle "EXT 2024"]
[Source "ChessBase"]
[SourceDate "2023.10.10"]
[SourceVersion "1"]
[SourceVersionDate "2023.10.10"]
[SourceQuality "1"]

1. d4 d5 2. Nf3 Bg4 3. e3 Nf6 4. Be2 Bxf3 5. Bxf3 e6 6. a3 c5 7. c3 c4 8. 0-0 Bd6 9. g3 0-0 10. Bg2 Nbd7 11. Nd2 b5 12. f4 a5 13. Nf3 a4 14. Qc2 Ne4 15. Rb1 Nb6 16. Bd2 f5 17. Rfd1 Be7 18. Be1 h6 19. Ne5 Qe8 20. Bxe4 fxe4 21. Qg2 g5 22. Qh3 Ra6 23. Qg4 h5 24. Qe2 g4 25. Qg2 Bd6 26. h3 Bxe5 27. dxe5 Ra7 28. hxg4 hxg4 29. Qe2 Qh5 30. Qh2 Rh7 31. Qxh5 Rxh5 32. Kg2 Rf7 33. Bf2 Rfh7 34. Rh1 Rxh1 35. Rxh1 Rxh1 36. Kxh1 0-1